|
|
|
|
| LEADER |
00556nam a22001577a 4500 |
| 008 |
180901b xxu||||| |||| 00| 0 eng d |
| 020 |
|
|
|a 0803967217
|
| 082 |
|
|
|a 371.102
|
| 100 |
|
|
|a Gill, Vickie
|
| 245 |
|
|
|a The ten commandments of good teaching /
|c Vickie Gill.
|
| 260 |
|
|
|a California :
|b Corwin,
|c c1998.
|
| 300 |
|
|
|a xi, 79p.;
|c 23cm.
|
| 650 |
|
7 |
|2 fast
|9 968692
|a Effective teaching
|
| 942 |
|
|
|c BK
|
| 999 |
|
|
|c 283111
|d 283111
|
| 952 |
|
|
|0 0
|1 0
|2 ddc
|4 0
|6 371_102000000000000_GIL_T
|7 0
|9 320940
|a LLE
|b LLE
|c ST1
|d 1998-07-07
|g 0.00
|i 1245
|l 0
|o 371.102 GIL/T
|p LLE1245
|r 2018-09-01
|y BK
|